| 000 | 00385nam a22001697a 4500 | ||
|---|---|---|---|
| 003 | NUST | ||
| 020 | _a9971514230 | ||
| 038 | _akhadija | ||
| 082 |
_a620.1 _bMER |
||
| 100 |
_aMeriam _987241 |
||
| 245 |
_aEngineering Mechanics Statics / _cJ.L. Meriam |
||
| 250 | _a5th | ||
| 260 |
_aNew Delhi: _bwiley: _c2002. |
||
| 300 |
_a494p:, _b24 cm. |
||
| 563 | _aPaper back | ||
| 942 |
_cBK _2ddc |
||
| 999 |
_c31654 _d31654 |
||